| 000 | 00928nam a2200277Ia 4500 | ||
|---|---|---|---|
| 003 | OSt | ||
| 005 | 20220918171611.0 | ||
| 006 | a|||||r|||| 00| 0 | ||
| 007 | ta | ||
| 008 | 220917b |||||||| |||| 00| 0 eng d | ||
| 020 |
_a9783319322452 (hbk) _cEURO 89.99 |
||
| 024 | _a324,449 | ||
| 037 |
_b54114, 02/02/2018, Segment Book Distributors _cTextual |
||
| 040 |
_aARTS _cARTS _beng |
||
| 041 |
_2eng _aeng |
||
| 082 | _aP:4, Q7 | ||
| 100 |
_aDepraetere Ilse Ed. _937567 |
||
| 245 | 0 |
_aSemantics and pragmatics _b drawing a line |
|
| 260 |
_aCham _bSpringer Switzerland _c2017 |
||
| 300 |
_avi,357p. _ccm. |
||
| 490 | _aLogic, argumentation and reasoning; 11 | ||
| 650 |
_aLINGUISTICS; PRAGMATISM; SEMANTICS _937568 |
||
| 700 |
_a Salkie Raphael Ed. _937569 |
||
| 942 |
_hP:4, Q7 _cTEXL _2CC |
||
| 999 |
_c140333 _d140333 |
||